| 000 | 01338nam0a22002531 4500 | ||
|---|---|---|---|
| 001 | rc\2804703 | ||
| 005 | 20250806210539.0 | ||
| 035 | _a(NLR Aleph) 006930666 | ||
| 090 |
_a35457 _c35457 |
||
| 100 | _a20110915d1944 u y0rusy50 ca | ||
| 101 | 0 | _arus | |
| 102 | _aRU | ||
| 105 | _aae z ||||| | ||
| 200 | 1 |
_aЕдиные нормы времени на подземный ремонт скважин _eОбязательны для применения во всех нефтетрестах Наркомнефти _f[Перер. и подгот. к переизд. Норматив.-иссл. группой Азнефтекомбината] _gНаркомнефть СССР. Гл. упр. по учету и распределению рабочих кадров. Центр. норматив.-иссл. группа |
|
| 210 |
_aБаку _cАзнефтеиздат _d1944 _gтип. "Кр. Восток" |
||
| 215 |
_a125 с., включ. 1 с. с переплета, без тит. л. _cчерт. _d19 см. |
||
| 710 | 0 | 1 |
_aСССР _bНар. ком. нефтяной промышленности _3RU\NLR\AUTH\889938451 |
| 801 | 0 |
_aRU _bNLR _gpsbo |
|
| 801 | 1 |
_aRU _bELAR _2rusmarc |
|
| 852 |
_aNLR _jТ26 Г-3/30 |
||
| 942 | _cBOOK | ||
| 945 | _aРоссийская национальная библиотека | ||
| 980 | _aNB | ||
| 980 | _aBV | ||